000 01577nam a2200313 a 4500
001 BRCA_3375
005 20190320204241.0
041 _aeng
044 _aenk
084 _a664
_b.W37
_c1900
100 1 _aCervantes Saavedra, Miguel de
_d1547-1616
_9213
245 1 0 _aThe Adventures of Don Quixote de la Mancha
_cTranslated from the Spanish of Michael de Cervantes by Charles Jarvis.
260 _aLondres
_bLock Ward and Co.
_c1900
300 _a1 v. en 2 partes (xxiv, 766 p.)
_bil. (algunas a color)
_c23 cm.
500 _aContenido : Primera parte. Biografía de Cervantes basada en la escrita por L. Viardot. Prólogo del autor. Segunda parte. Prólogo del autor
500 _aEdición : Carefully Corrected and Revised, with Coloured Pictures and Nearly 700 Engravings... by Tony Johannot
500 _aUna de tantas reproducciones de la versión de Jarvis, con ilustraciones de Johannot y otras, amén de una breve biografía de Cervantes basada en la escrita por Viardot. Tela; lomo y plano decorados con motivos quijotescos en color Lúdovik Osterc
500 _aQM1030
546 _aTexto en : inglés
650 1 4 _aNovela española
_yÉpoca clásica, 1500-1700
_9215
650 1 4 _aLiteratura española
_yÉpoca clásica, 1500-1700
_9216
650 1 4 _aNovela española
_ySiglo XVII
_9217
650 1 4 _aDon Quijote (Personaje ficticio)
_eNovela
_9218
700 1 _aJarvis, Charles
_d?-1739
_eTraductor
_98883
700 1 _aJohannot, Tony
_d1803-1852
_eIlustrador
_98884
740 0 _aEl Ingenioso Hidalgo Don Quijote de la Mancha
902 _aQFM
942 _2lcc
_cB
999 _c3111
_d3111